Normal view
MARC view
Entry Corporate Name
001 - CONTROL NUMBER
- control field: 8675
003 - CONTROL NUMBER IDENTIFIER
- control field: OSt
005 - DATE AND TIME OF LATEST TRANSACTION
- control field: 20211028145712.0
008 - FIXED-LENGTH DATA ELEMENTS
- fixed length control field: 211028|| aca||aabn | a|a d
040 ## - CATALOGING SOURCE
- Original cataloging agency: OSt
- Transcribing agency: OSt
110 ## - HEADING--CORPORATE NAME
- Corporate name or jurisdiction name as entry element: Mani Bushan Dsouza
670 ## - SOURCE DATA FOUND
- Source citation: Work cat.: (OSt): Suvarna, Anusha S; Dsouza, Mani Bushan. 151902 8674, Cognos dashboard for promotion effectiveness and demand solutions of JDA., 2017